000 00967cam a2200289 i 4500
001 62394
003 Mx-PuUPA
005 20250523122342.0
008 150413s2007 mx a gr 000 0 spa d
020 _a9789706125736
040 _aMx-PuUPA
_bspa
_cMx-PuUPA
_dMx-PuUPA
_erda
041 0 _aspa
100 1 _aRomero Salinas, Joel,
_d1939-
_eautor
_9276
245 1 3 _aLa tilma de Juan Diego :
_bluz y sombra de una prelatura /
_cJoel Romero Salinas.
250 _aPrimera edición
264 1 _aMéxico, D.F. :
_bEdiciones Paulinas,
_c2007
300 _a271 páginas :
_bilustraciones (algunas a color) ;
_c21 cm
336 _atexto
_2rdacontent
_btxt
337 _asin medio
_2rdamedia
_bn
338 _avolumen
_2rdacarrier
_bnc
600 0 4 _aVirgen de Guadalupe
_xCulto
600 0 4 _aJuan Diego,
_cSanto
650 7 _aIglesia católica
_zMéxico
_2armarc
942 _2ddc
_cLI
_h232.917
_iR756
999 _c62394
_d62394